BIOCHEMISTRY FOR MEDICAL LABORATORY TECHNOLOGY STUDENTS (Record no. 33658)

MARC details
000 -LEADER
fixed length control field 00436nam a22001697a 4500
003 - CONTROL NUMBER IDENTIFIER
control field SGT
020 ## - INTERNATIONAL STANDARD BOOK NUMBER
International Standard Book Number 9789354668999
082 ## - DEWEY DECIMAL CLASSIFICATION NUMBER
Classification number 612.015
Item number B24L
100 ## - MAIN ENTRY--PERSONAL NAME
Personal name LAL, HARBANS
245 ## - TITLE STATEMENT
Title BIOCHEMISTRY FOR MEDICAL LABORATORY TECHNOLOGY STUDENTS
250 ## - EDITION STATEMENT
Edition statement 3RD
260 ## - PUBLICATION, DISTRIBUTION, ETC. (IMPRINT)
Place of publication, distribution, etc INDIA
Name of publisher, distributor, etc CBS PUB
Year of Publication 2024
300 ## - PAGE DESCRIPTION
No. of Pages 364
650 ## - SUBJECT ADDED ENTRY--TOPICAL TERM
Topical term or geographic name as entry element BIOCHEMISTRY
653 ## - KEYWORDS--INDEX TERM
Keyword term BIOCHEMISTRY FOR MEDICAL LABORATORY TECHNOLOGY STUDENTS
942 ## - ADDED ENTRY ELEMENTS (KOHA)
Source of classification or shelving scheme Dewey Decimal Classification
Koha item type Books
Holdings
Withdrawn status Lost status Source of classification or shelving scheme Damaged status Not for loan Collection code Home library Current library Shelving location Date acquired Vendor Name Cost, normal purchase price SGTU Bill Number Total Checkouts Full call number Accession No. (Barcode) Date last seen Bill Date Koha item type Checked out Date last borrowed
    Dewey Decimal Classification   Not For Loan MEDICAL SGT Medical Library SGT Medical Library Text Book 29/11/2025 ABC DELHI 750.00 SGTU 22053   612.015 B24L FM16096 28/01/2026 29/11/2025 Books    
    Dewey Decimal Classification     MEDICAL SGT Medical Library SGT Medical Library Text Book 29/11/2025 ABC DELHI 750.00 SGTU 22053 2 612.015 B24L FM16097 03/06/2026 29/11/2025 Books 17/06/2026 03/06/2026
    Dewey Decimal Classification     MEDICAL SGT Medical Library SGT Medical Library Text Book 29/11/2025 ABC DELHI 750.00 SGTU 22053   612.015 B24L FM16098 28/01/2026 29/11/2025 Books    
    Dewey Decimal Classification     MEDICAL SGT Medical Library SGT Medical Library Text Book 29/11/2025 ABC DELHI 750.00 SGTU 22053 1 612.015 B24L FM16099 29/05/2026 29/11/2025 Books 12/06/2026 29/05/2026
    Dewey Decimal Classification     MEDICAL SGT Medical Library SGT Medical Library Text Book 29/11/2025 ABC DELHI 750.00 SGTU 22053   612.015 B24L FM16100 28/01/2026 29/11/2025 Books